[Event "3MCR_4D_2LA_1S"]
[Site "?"]
[Date "1999.??.??"]
[Round "1"]
[White "Smolka, Josef"]
[Black "Hrdy, Roman"]
[Result "1-0"]
[WhiteElo "2275"]
[BlackElo "2415"]
[PlyCount "75"]
[EventDate "1999.??.??"]
[EventType "corr"]

1. e4 d6 2. d4 Nf6 3. Nc3 g6 4. f4 Bg7 5. Nf3 O-O 6. Bd3 Nc6 7. O-O Bg4 8. e5
dxe5 9. dxe5 Nd5 10. h3 Nxc3 11. bxc3 Bf5 12. Be3 Qd7 13. Qe2 Rad8 14. Rad1
Bxd3 15. cxd3 b6 16. d4 e6 17. Bc1 Na5 18. g4 Qd5 19. f5 exf5 20. gxf5 f6 21.
fxg6 hxg6 22. Nh4 fxe5 23. Nxg6 Rxf1+ 24. Rxf1 Qe6 25. Nxe5 Nc6 26. Qg4 Re8 27.
Qxe6+ Rxe6 28. Nd3 Na5 29. Nf4 Re8 30. Kf2 Nc4 31. Re1 Rxe1 32. Kxe1 Kf7 33.
Ke2 c6 34. Kd3 b5 35. d5 cxd5 36. Nxd5 Be5 37. Bf4 Ke6 38. Nc7+ 1-0

[Event "3MCR_4D_2LA_1S"]
[Site "?"]
[Date "1999.??.??"]
[Round "1"]
[White "Strnad, Martin"]
[Black "Smolka, Josef"]
[Result "0-1"]
[WhiteElo "1975"]
[BlackElo "2275"]
[PlyCount "62"]
[EventDate "1999.??.??"]
[EventType "corr"]

1. e4 c5 2. Nf3 e6 3. d4 cxd4 4. Nxd4 a6 5. Nc3 Qc7 6. Bd3 Nf6 7. a3 Be7 8. O-O
d6 9. Be3 Nbd7 10. Qe2 b5 11. Rad1 Bb7 12. Rd2 Nc5 13. f3 d5 14. exd5 Nxd3 15.
cxd3 Nxd5 16. Nxd5 Bxd5 17. Rc2 Qd7 18. Rfc1 Bd6 19. Rc3 O-O 20. b4 Be5 21. f4
Bf6 22. Rc7 Qd6 23. Qg4 h5 24. Qxh5 Bxg2 25. Kxg2 Bxd4 26. R1c6 Qd8 27. Bxd4
Qxd4 28. Qe5 Qxd3 29. Rxe6 Rad8 30. Ree7 Qg6+ 31. Kf2 Rd2+ 0-1

[Event "3MCR_4D_2LA_1S"]
[Site "?"]
[Date "1999.??.??"]
[Round "1"]
[White "Jezek, Otakar"]
[Black "Tkac, Leopold"]
[Result "0-1"]
[WhiteElo "1800"]
[BlackElo "2140"]
[PlyCount "80"]
[EventDate "1999.??.??"]
[EventType "corr"]

1. Nc3 d5 2. e3 c5 3. d4 e6 4. g3 Nf6 5. Bg2 Bd6 6. Nge2 O-O 7. e4 cxd4 8. Nxd4
Bb4 9. Bd2 Bxc3 10. bxc3 Nxe4 11. O-O e5 12. Nb3 f5 13. Re1 Nc6 14. f3 Nd6 15.
f4 Ne4 16. Rb1 Re8 17. fxe5 Nxe5 18. Nd4 Nc4 19. Bxe4 dxe4 20. Bf4 a6 21. Qe2
b5 22. a4 Bd7 23. axb5 axb5 24. Nxb5 Bxb5 25. Rxb5 Qc8 26. Qf2 Qd7 27. Qc5 Na3
28. Rb2 Rec8 29. Qb4 Qd5 30. Qd4 Qxd4+ 31. cxd4 Rxc2 32. Rb7 Nc4 33. Rc1 Rxc1+
34. Bxc1 Ra1 35. h3 Rxc1+ 36. Kf2 Rc2+ 37. Ke1 Rb2 38. Rc7 Ne3 39. Rd7 Kf8 40.
Rd8+ Kf7 0-1

[Event "3MCR_4D_2LA_1S"]
[Site "?"]
[Date "1999.??.??"]
[Round "1"]
[White "Jezek, Otakar"]
[Black "Marek, Jan"]
[Result "0-1"]
[WhiteElo "1800"]
[BlackElo "2085"]
[PlyCount "78"]
[EventDate "1999.??.??"]
[EventType "corr"]

1. e4 Nf6 2. e5 Nd5 3. c4 Nb6 4. d3 d6 5. exd6 Qxd6 6. Nf3 g6 7. Nc3 Bg7 8. Be2
Nc6 9. Be3 Qd8 10. O-O e5 11. a4 a5 12. Re1 O-O 13. Bc5 Re8 14. Qb3 Nd7 15. Ba3
Nf6 16. Rad1 b6 17. Nb5 Nh5 18. Nd2 Nf4 19. Bf3 Bb7 20. d4 Qc8 21. d5 Nd4 22.
Nxd4 exd4 23. d6 Bxf3 24. Rxe8+ Qxe8 25. d7 Ne2+ 26. Kh1 Bxg2+ 27. Kxg2 Qxd7
28. Qf3 Re8 29. b3 Nc3 30. Rg1 Qe6 31. c5 Bf8 32. Bb2 Bxc5 33. Rc1 Qe2 34. Qf4
Re6 35. Qxc7 Qxd2 36. Qd8+ Kg7 37. Rxc3 Rf6 38. Rf3 Rxf3 39. Kxf3 Qxb2 0-1

[Event "3MCR_4D_2LA_1S"]
[Site "?"]
[Date "1999.??.??"]
[Round "1"]
[White "Pavlicek, Jan"]
[Black "Marek, Jan"]
[Result "0-1"]
[WhiteElo "2305"]
[BlackElo "2085"]
[PlyCount "78"]
[EventDate "1999.??.??"]
[EventType "corr"]

1. e4 e6 2. d4 d5 3. Nc3 Nf6 4. e5 Nfd7 5. Nf3 c5 6. Bb5 Nc6 7. O-O a6 8. Bxc6
bxc6 9. Re1 cxd4 10. Qxd4 c5 11. Qf4 Bb7 12. Ng5 Qe7 13. h4 g6 14. h5 Bg7 15.
h6 Bxe5 16. Rxe5 Nxe5 17. Qxe5 f6 18. Qxe6 fxg5 19. Qxe7+ Kxe7 20. Bxg5+ Kd6
21. Bf4+ Kc6 22. f3 Rhe8 23. Kf2 Bc8 24. Rd1 Be6 25. g4 Rf8 26. Kg3 Rae8 27. b3
Re7 28. Re1 Rfe8 29. Re2 Bf7 30. Rxe7 Rxe7 31. Bg5 Re1 32. a4 Kd6 33. Kf2 Ra1
34. Ke2 Be8 35. Bf4+ Ke6 36. Kd2 Bc6 37. Kd3 d4 38. Ne4 Bxe4+ 39. Kxe4 Rf1 0-1

[Event "3MCR_4D_2LA_1S"]
[Site "?"]
[Date "1999.??.??"]
[Round "1"]
[White "Satransky, Jaroslav"]
[Black "Marek, Jan"]
[Result "1-0"]
[WhiteElo "2195"]
[BlackElo "2085"]
[PlyCount "63"]
[EventDate "1999.??.??"]
[EventType "corr"]

1. e4 e6 2. d4 d5 3. Nd2 Nf6 4. e5 Nfd7 5. f4 c5 6. c3 Nc6 7. Ndf3 Qa5 8. Be3
cxd4 9. Nxd4 Nxd4 10. Bxd4 Nb8 11. Nf3 Bd7 12. Bd3 Bb5 13. Bc2 Nc6 14. Be3 Rc8
15. f5 Be7 16. Nd4 Nxd4 17. Bxd4 Qa6 18. a4 Bd7 19. Bd3 Qc6 20. Bb5 Qc7 21. Qg4
g6 22. fxe6 fxe6 23. Qxe6 Rf8 24. Qxd5 Bc6 25. Bxa7 Rd8 26. Qe6 Rf5 27. Bd4
Rxd4 28. cxd4 Qa5+ 29. Ke2 Qb4 30. Bxc6+ bxc6 31. Qxc6+ Kd8 32. Qd5+ 1-0

[Event "3MCR_4D_2LA_1S"]
[Site "?"]
[Date "1999.??.??"]
[Round "1"]
[White "Pavlicek, Jan"]
[Black "Kupsovsky, Vaclav"]
[Result "0-1"]
[WhiteElo "2305"]
[BlackElo "2200"]
[PlyCount "80"]
[EventDate "1999.??.??"]
[EventType "corr"]

1. e4 e6 2. d4 d5 3. Nc3 Nf6 4. e5 Nfd7 5. Nf3 c5 6. Bb5 Nc6 7. O-O Qc7 8. Re1
c4 9. b3 a6 10. Bxc6 Qxc6 11. Ne2 Nb6 12. c3 Bd7 13. Bg5 h6 14. Bd2 Be7 15. Qc1
O-O-O 16. Qb2 Kb8 17. Be3 f5 18. exf6 gxf6 19. Bf4+ Ka8 20. a4 cxb3 21. a5 Nc4
22. Qxb3 Rdg8 23. Ng3 Rg4 24. Nh5 Be8 25. h3 Rgg8 26. Ng3 h5 27. Ra2 h4 28. Nf1
Bg6 29. N3d2 Bf5 30. Kh1 e5 31. Bh2 Bd6 32. Ne3 Nxe3 33. Rxe3 exd4 34. cxd4
Qc1+ 35. Bg1 Rxg2 36. Kxg2 Rg8+ 37. Kf3 Bxh3 38. Ke2 Bg4+ 39. Nf3 Bxf3+ 40.
Kxf3 Qf1 0-1

[Event "3MCR_4D_2LA_1S"]
[Site "?"]
[Date "1999.??.??"]
[Round "1"]
[White "Slavik, Libor"]
[Black "Smolka, Josef"]
[Result "0-1"]
[WhiteElo "2000"]
[BlackElo "2275"]
[PlyCount "96"]
[EventDate "1999.??.??"]
[EventType "corr"]

1. e4 c5 2. f4 g6 3. Nf3 Bg7 4. Nc3 Nc6 5. Bb5 Nd4 6. a4 e6 7. d3 Ne7 8. e5 O-O
9. Ne4 d5 10. exd6 Nef5 11. d7 Nxf3+ 12. Qxf3 Bxd7 13. Bxd7 Qxd7 14. c3 b6 15.
O-O Rad8 16. Rd1 h5 17. a5 Qb5 18. axb6 axb6 19. h3 h4 20. Ra7 Rd7 21. c4 Nd4
22. Qg4 Qc6 23. Rxd7 Qxd7 24. Qxh4 Ne2+ 25. Kh2 Nxc1 26. Ng5 Ra8 27. Rxc1 Qxd3
28. Rc3 Qd4 29. Rb3 Ra6 30. Rc3 e5 31. Nf3 Qxf4+ 32. Qxf4 exf4 33. Rb3 Kf8 34.
Ne1 Be5 35. Nd3 Bc7 36. Kg1 g5 37. Kf2 f5 38. Kf3 Ra4 39. Rc3 Ke7 40. h4 g4+
41. Ke2 Kf6 42. Rc2 Kg6 43. b3 Ra3 44. Rb2 Kh5 45. b4 cxb4 46. Rxb4 Kxh4 47.
Ne1 Kg3 48. Kf1 Rc3 0-1

[Event "3MCR_4D_2LA_1S"]
[Site "?"]
[Date "1999.??.??"]
[Round "1"]
[White "Satransky, Jaroslav"]
[Black "Vaindl, Jaroslav"]
[Result "1/2-1/2"]
[WhiteElo "2195"]
[BlackElo "2270"]
[PlyCount "83"]
[EventDate "1999.??.??"]
[EventType "corr"]

1. e4 c5 2. Nf3 Nc6 3. d4 cxd4 4. Nxd4 Nf6 5. Nc3 e5 6. Ndb5 d6 7. Bg5 a6 8.
Na3 b5 9. Bxf6 gxf6 10. Nd5 Bg7 11. c3 f5 12. exf5 Bxf5 13. Nc2 Be6 14. Nce3
Ne7 15. Nxe7 Qxe7 16. a4 b4 17. Nd5 Qb7 18. Nxb4 d5 19. Be2 O-O 20. a5 d4 21.
O-O Rfd8 22. Qa4 e4 23. Nc6 Rd6 24. Nxd4 Bxd4 25. cxd4 Qxb2 26. Rfe1 Rad8 27.
Rab1 Qxd4 28. Qxd4 Rxd4 29. Bxa6 Ra8 30. Rxe4 Rxe4 31. Bb7 Bf5 32. Bxa8 Re8 33.
Bc6 Rc8 34. Bb7 Rc7 35. a6 Bxb1 36. h3 Rc1+ 37. Kh2 Bd3 38. a7 Ra1 39. a8=Q+
Rxa8 40. Bxa8 Kg7 41. Kg3 h6 42. Kf4 1/2-1/2

[Event "3MCR_4D_2LA_1S"]
[Site "?"]
[Date "1999.??.??"]
[Round "1"]
[White "Vaindl, Jaroslav"]
[Black "Pavlicek, Jan"]
[Result "1/2-1/2"]
[WhiteElo "2270"]
[BlackElo "2305"]
[PlyCount "97"]
[EventDate "1999.??.??"]
[EventType "corr"]

1. e4 e5 2. Nf3 Nc6 3. Bb5 a6 4. Ba4 Nf6 5. O-O b5 6. Bb3 Bb7 7. c3 Nxe4 8. d4
Na5 9. Bc2 exd4 10. b4 Nc4 11. Bxe4 Bxe4 12. Re1 d5 13. Nxd4 c5 14. bxc5 Bxc5
15. f3 O-O 16. fxe4 dxe4 17. Rxe4 Qd5 18. Rh4 Rad8 19. Nd2 Nd6 20. Qf3 Nf5 21.
Qxd5 Rxd5 22. Rh5 g6 23. Rxf5 Rxf5 24. N2f3 Rb8 25. Be3 Rd5 26. Kf2 Ba3 27. Rb1
Rc8 28. Rb3 Bd6 29. Nc2 Rd1 30. Ke2 Rh1 31. h3 Rc4 32. Nb4 Bxb4 33. cxb4 Rc2+
34. Bd2 Rxa2 35. Rc3 Rb1 36. Rc8+ Kg7 37. Ke3 Rxd2 38. Kxd2 Rxb4 39. Kc3 Re4
40. Nd4 a5 41. Kd3 Re5 42. h4 Kh6 43. Nf3 Rf5 44. Rc7 Kh5 45. Ke3 Kg4 46. Nd4
Re5+ 47. Kf2 Rd5 48. Ke3 Re5+ 49. Kf2 1/2-1/2

[Event "3MCR_4D_2LA_1S"]
[Site "?"]
[Date "1999.??.??"]
[Round "1"]
[White "Rybak, Milan"]
[Black "Jezek, Otakar"]
[Result "1-0"]
[WhiteElo "2200"]
[BlackElo "1800"]
[PlyCount "89"]
[EventDate "1999.??.??"]
[EventType "corr"]

1. e4 e5 2. Nf3 Nc6 3. Bc4 d6 4. d4 Be7 5. Nc3 Nf6 6. h3 O-O 7. O-O a6 8. a4
Rb8 9. Be3 exd4 10. Nxd4 Bd7 11. a5 Ne5 12. Be2 c5 13. Nb3 Re8 14. f4 Nc6 15.
Bc4 Be6 16. Bxe6 fxe6 17. Qe2 Qc7 18. Kh1 Nb4 19. Bf2 Rbc8 20. e5 Nfd5 21. Nxd5
exd5 22. c3 Nc6 23. e6 Rf8 24. Qd2 Nd8 25. Bg3 Rf5 26. Rfe1 Bf6 27. Bh2 Qc6 28.
Qc2 g6 29. e7 Nf7 30. g4 d4+ 31. Qe4 Re8 32. Qxc6 bxc6 33. gxf5 dxc3 34. fxg6
hxg6 35. bxc3 Bxc3 36. Re6 Bxa1 37. Nxa1 Kg7 38. Nc2 d5 39. f5 gxf5 40. Ne3 Nh6
41. Rxc6 d4 42. Nd5 Ng8 43. Bd6 f4 44. Bxc5 f3 45. Bxd4+ 1-0

[Event "3MCR_4D_2LA_1S"]
[Site "?"]
[Date "1999.??.??"]
[Round "1"]
[White "Rybak, Milan"]
[Black "Strnad, Martin"]
[Result "1-0"]
[WhiteElo "2200"]
[BlackElo "1975"]
[PlyCount "67"]
[EventDate "1999.??.??"]
[EventType "corr"]

1. e4 e5 2. Nf3 Nf6 3. Bc4 Nxe4 4. Nc3 Nxc3 5. dxc3 f6 6. Nh4 g6 7. f4 c6 8. f5
d5 9. fxg6 dxc4 10. Qh5 Kd7 11. g7 Bxg7 12. Qg4+ Kc7 13. Qxg7+ Nd7 14. Bh6 b5
15. O-O Kb8 16. Rad1 Rg8 17. Qxh7 Rh8 18. Qg7 Rg8 19. Qf7 Qe8 20. Qxe8 Rxe8 21.
Nf5 Kc7 22. Bg7 Re6 23. h4 Ba6 24. h5 b4 25. h6 b3 26. h7 Ree8 27. Rf3 Rad8 28.
Rh3 bxc2 29. Rc1 Nf8 30. Rxc2 Ng6 31. Rg3 Nh8 32. Bxf6 Rd1+ 33. Kh2 Kd7 34.
Rg7+ 1-0

[Event "3MCR_4D_2LA_1S"]
[Site "?"]
[Date "1999.??.??"]
[Round "1"]
[White "Humlicek, Vojtech"]
[Black "Hrdy, Roman"]
[Result "0-1"]
[WhiteElo "2295"]
[BlackElo "2415"]
[PlyCount "88"]
[EventDate "1999.??.??"]
[EventType "corr"]

1. e4 d6 2. d4 Nf6 3. Nc3 g6 4. f4 Bg7 5. Nf3 O-O 6. Bd3 Nc6 7. e5 Ne8 8. Be3
Nb4 9. Bc4 Bf5 10. Rc1 c5 11. d5 Bg4 12. O-O dxe5 13. fxe5 Bxe5 14. Qe1 Bxf3
15. Rxf3 Nd6 16. Bf1 Nf5 17. Bxc5 Bd6 18. Bf2 Rc8 19. a3 Rxc3 20. bxc3 Nxd5 21.
Bd3 e6 22. Bxf5 exf5 23. Rd1 Nf6 24. Bd4 Ne4 25. Rh3 Re8 26. a4 h5 27. Qf1 Qc7
28. Qb5 Re6 29. Qd5 Ng5 30. Rhd3 Bxh2+ 31. Kh1 Bd6 32. Bxa7 Ne4 33. Bd4 Qe7 34.
Kg1 Nf6 35. Qf3 Re1+ 36. Kf2 Ng4+ 37. Qxg4 fxg4 38. Rxe1 Qd7 39. Rde3 g5 40.
Re8+ Kh7 41. Kg1 h4 42. Ra8 Kg6 43. Rf1 g3 44. a5 Qb5 0-1

[Event "3MCR_4D_2LA_1S"]
[Site "?"]
[Date "1999.??.??"]
[Round "1"]
[White "Humlicek, Vojtech"]
[Black "Strnad, Martin"]
[Result "1-0"]
[WhiteElo "2295"]
[BlackElo "1975"]
[PlyCount "91"]
[EventDate "1999.??.??"]
[EventType "corr"]

1. e4 e5 2. Nf3 Nc6 3. Bb5 a6 4. Ba4 Nf6 5. O-O Be7 6. Re1 b5 7. Bb3 O-O 8. c3
d5 9. exd5 Nxd5 10. Nxe5 Nxe5 11. Rxe5 c6 12. d4 Bd6 13. Re2 Bg4 14. f3 Bf5 15.
Bxd5 cxd5 16. Nd2 Qc7 17. Nf1 Rfe8 18. Bd2 Bd3 19. Rxe8+ Rxe8 20. Bf4 Qc6 21.
Bxd6 Be2 22. Qd2 Bxf1 23. Bg3 Re2 24. Qd1 Rxg2+ 25. Kxf1 Rxb2 26. Qd3 Qc8 27.
a4 Qh3+ 28. Ke1 Qg2 29. Kd1 b4 30. cxb4 Qg1+ 31. Be1 Rxb4 32. Qxa6 Qxd4+ 33.
Ke2 Qb2+ 34. Kf1 Rb8 35. Qd6 Re8 36. Qc6 Rd8 37. Rd1 Qb3 38. Ke2 Qb2+ 39. Rd2
Qe5+ 40. Kf1 Qf4 41. Rf2 Qf5 42. a5 Qd3+ 43. Kg2 Qe3 44. Bd2 Qe8 45. Qxe8+ Rxe8
46. Bf4 1-0

[Event "3MCR_4D_2LA_1S"]
[Site "?"]
[Date "1999.??.??"]
[Round "1"]
[White "Kupsovsky, Vaclav"]
[Black "Slavik, Libor"]
[Result "1-0"]
[WhiteElo "2200"]
[BlackElo "2000"]
[PlyCount "93"]
[EventDate "1999.??.??"]
[EventType "corr"]

1. f4 d5 2. Nf3 Nf6 3. b3 c5 4. Bb2 g6 5. e3 Bg7 6. Be2 O-O 7. O-O Nc6 8. Qe1
Bf5 9. Bd1 b5 10. d3 Qb6 11. Nbd2 Rfd8 12. Ne5 Nxe5 13. Bxe5 Rd7 14. Nf3 Bg4
15. Qh4 Bxf3 16. Rxf3 Nh5 17. Rh3 Bf6 18. Qg4 Qa5 19. Be2 Bxe5 20. fxe5 f5 21.
Qg5 Ng7 22. Qh6 Qc3 23. Qxh7+ Kf7 24. Rf1 Qxe5 25. Rg3 e6 26. Qxg6+ Kg8 27. h4
Rf8 28. h5 Rf6 29. Qg5 Rh6 30. Qxh6 Qxg3 31. Qf4 Qxf4 32. exf4 Kh7 33. Re1 Kh6
34. Kf2 Rd6 35. g4 fxg4 36. Bxg4 Ra6 37. a3 Rxa3 38. Bxe6 Nxe6 39. Rxe6+ Kxh5
40. Re5+ Kg4 41. Ke3 c4 42. bxc4 bxc4 43. Rxd5 cxd3 44. cxd3 a5 45. Rg5+ Kh3
46. Rg1 a4 47. f5 1-0

[Event "3MCR_4D_2LA_1S"]
[Site "?"]
[Date "1999.??.??"]
[Round "1"]
[White "Rybak, Milan"]
[Black "Lasek, Milos"]
[Result "1-0"]
[WhiteElo "2200"]
[BlackElo "1800"]
[PlyCount "77"]
[EventDate "1999.??.??"]
[EventType "corr"]

1. e4 e5 2. Nf3 Nc6 3. Bc4 Nf6 4. d4 exd4 5. e5 Ng4 6. Qe2 Qe7 7. Bf4 f6 8.
exf6 gxf6 9. O-O Qxe2 10. Bxe2 Nge5 11. Nbd2 Bc5 12. Nb3 Bb6 13. Rad1 Nxf3+ 14.
Bxf3 O-O 15. Rfe1 Rd8 16. Bd5+ Kh8 17. a4 a5 18. Bh6 d6 19. Bxc6 bxc6 20. Nxd4
Bxd4 21. Rxd4 Bf5 22. Rd2 Re8 23. Rde2 Bg6 24. Re7 Kg8 25. f3 Rxe7 26. Rxe7 Rc8
27. Rg7+ Kh8 28. c4 c5 29. Re7 Kg8 30. Bg7 f5 31. Bh6 Bf7 32. b3 c6 33. Kf2 Rb8
34. Rc7 Be8 35. Rg7+ Kh8 36. Ra7 Kg8 37. Rxa5 Rxb3 38. Ra7 Rb8 39. a5 1-0

[Event "3MCR_4D_2LA_1S"]
[Site "?"]
[Date "1999.??.??"]
[Round "1"]
[White "Satransky, Jaroslav"]
[Black "Humlicek, Vojtech"]
[Result "1/2-1/2"]
[WhiteElo "2195"]
[BlackElo "2295"]
[PlyCount "63"]
[EventDate "1999.??.??"]
[EventType "corr"]

1. e4 c5 2. Nf3 Nc6 3. d4 cxd4 4. Nxd4 Nf6 5. Nc3 e5 6. Ndb5 d6 7. Bg5 a6 8.
Na3 b5 9. Bxf6 gxf6 10. Nd5 f5 11. Bxb5 axb5 12. Nxb5 Ra7 13. Nxa7 Nxa7 14.
exf5 Nb5 15. c3 Nc7 16. Ne3 Bb7 17. Qa4+ Qd7 18. Qxd7+ Kxd7 19. a4 Bh6 20. O-O
Rg8 21. g3 Be4 22. a5 Rb8 23. Ng4 Bg5 24. h4 Be7 25. f6 Bd8 26. Rfd1 Ke6 27.
Rd2 h5 28. Ne3 Bxf6 29. Kf1 Be7 30. Ke2 f5 31. f3 Bb7 32. Kf2 1/2-1/2

[Event "3MCR_4D_2LA_1S"]
[Site "?"]
[Date "1999.??.??"]
[Round "1"]
[White "Vaindl, Jaroslav"]
[Black "Strnad, Martin"]
[Result "1-0"]
[WhiteElo "2270"]
[BlackElo "1975"]
[PlyCount "97"]
[EventDate "1999.??.??"]
[EventType "corr"]

1. e4 e5 2. Nf3 Nc6 3. Bb5 f5 4. Nc3 fxe4 5. Nxe4 d5 6. Nxe5 dxe4 7. Nxc6 Qg5
8. Qe2 Nf6 9. f4 Qh4+ 10. g3 Qh3 11. Ne5+ c6 12. Bc4 Bc5 13. c3 Bf5 14. d4 exd3
15. Nxd3+ Be7 16. Bd2 Bg4 17. Qf1 Qxf1+ 18. Rxf1 Bd6 19. Ne5 Bxe5 20. fxe5
O-O-O 21. Bf4 Nd7 22. Kf2 Rde8 23. Rfe1 Rhf8 24. Kg2 g5 25. Bxg5 Bf3+ 26. Kg1
Nxe5 27. Bf1 Bg4 28. Bg2 Nd3 29. Rxe8+ Rxe8 30. h3 Be2 31. b4 Re6 32. Bf1 b6
33. h4 Bxf1 34. Rxf1 h6 35. Bd2 c5 36. Rf8+ Kb7 37. Rf7+ Ka8 38. Rh7 cxb4 39.
cxb4 Re2 40. Bxh6 Rxa2 41. h5 Rb2 42. Re7 Rb1+ 43. Kg2 Rb2+ 44. Kf3 Rh2 45. g4
Nxb4 46. Bf4 Rh1 47. Rd7 Rf1+ 48. Kg3 Rg1+ 49. Kh4 1-0

[Event "3MCR_4D_2LA_1S"]
[Site "?"]
[Date "1999.??.??"]
[Round "1"]
[White "Smolka, Josef"]
[Black "Humlicek, Vojtech"]
[Result "1/2-1/2"]
[WhiteElo "2275"]
[BlackElo "2295"]
[PlyCount "78"]
[EventDate "1999.??.??"]
[EventType "corr"]

1. e4 c5 2. Nf3 Nc6 3. d4 cxd4 4. Nxd4 Nf6 5. Nc3 e5 6. Ndb5 d6 7. Bg5 a6 8.
Na3 b5 9. Nd5 Be7 10. Bxf6 Bxf6 11. c3 O-O 12. Nc2 Rb8 13. Be2 Bg5 14. O-O Be6
15. Qd3 f5 16. Bf3 f4 17. Rfe1 Qc8 18. Be2 Ne7 19. Nxe7+ Bxe7 20. Nb4 a5 21.
Nd5 Bd8 22. b4 Bh4 23. a4 axb4 24. cxb4 bxa4 25. Rxa4 Qb7 26. Qf3 Ra8 27. Rxa8
Rxa8 28. Bc4 Bf7 29. b5 Kh8 30. Rb1 Rc8 31. Qb3 Bxd5 32. Bxd5 Qb6 33. g3 fxg3
34. hxg3 Rf8 35. Rb2 Bd8 36. Kg2 Bc7 37. Qc4 g6 38. Qc6 Qd4 39. Rc2 Qd1 1/2-1/2

[Event "3MCR_4D_2LA_1S"]
[Site "?"]
[Date "1999.??.??"]
[Round "1"]
[White "Rybak, Milan"]
[Black "Satransky, Jaroslav"]
[Result "0-1"]
[WhiteElo "2200"]
[BlackElo "2195"]
[PlyCount "62"]
[EventDate "1999.??.??"]
[EventType "corr"]

1. e4 e5 2. Nf3 Nc6 3. Bc4 Nf6 4. d4 exd4 5. e5 d5 6. Bb5 Ne4 7. Nxd4 Bd7 8.
Bxc6 bxc6 9. O-O Be7 10. f3 Nc5 11. f4 O-O 12. f5 Re8 13. Nc3 Bf8 14. Bf4 Qb8
15. Rf3 Ne4 16. Nxe4 dxe4 17. Rb3 Qc8 18. f6 g6 19. Re3 c5 20. Ne2 Bc6 21. c4
Qf5 22. Qe1 Rad8 23. Qa5 Rd3 24. Qxc7 Rc8 25. Qxa7 g5 26. Rg3 Rxg3 27. Bxg3 e3
28. Kh1 Rd8 29. e6 Qxe6 30. Nc3 Rd2 31. Nd5 Qe4 0-1

[Event "3MCR_4D_2LA_1S"]
[Site "?"]
[Date "1999.??.??"]
[Round "1"]
[White "Vaindl, Jaroslav"]
[Black "Lasek, Milos"]
[Result "1-0"]
[WhiteElo "2270"]
[BlackElo "1800"]
[PlyCount "105"]
[EventDate "1999.??.??"]
[EventType "corr"]

1. e4 e5 2. Nf3 Nc6 3. d4 exd4 4. c3 dxc3 5. Bc4 cxb2 6. Bxb2 Bb4+ 7. Nc3 Nf6
8. Qc2 d6 9. O-O-O O-O 10. e5 Ng4 11. Nd5 Bc5 12. exd6 cxd6 13. h4 h6 14. Ng5
hxg5 15. hxg5 Qxg5+ 16. f4 Bf5 17. fxg5 Bxc2 18. Kxc2 Rfe8 19. g6 Nce5 20. Rh7
Nh6 21. Rf1 Re6 22. Rxh6 gxh6 23. gxf7+ Kf8 24. Nc7 Nxc4 25. Nxe6+ Ke7 26. Bc1
Kxe6 27. f8=Q Rxf8 28. Rxf8 h5 29. Rh8 b5 30. Rh6+ Kf5 31. Rxh5+ Ke4 32. g4 Ne5
33. g5 Kf5 34. Rh1 Ng4 35. Rh8 Ne5 36. Rf8+ Kg4 37. Rf6 Nd7 38. Rh6 Kf5 39. g6
Kf6 40. Rh7 Ne5 41. g7 Kf7 42. Bh6 Nc6 43. Rh8 Ne7 44. Rb8 Kg6 45. Rb7 Kxh6 46.
Rxe7 Kh7 47. Rb7 b4 48. Kb3 Kg8 49. Kc4 Kh7 50. Rd7 Kg8 51. Kd5 a5 52. Ke6 Bd4
53. Rxd6 1-0

[Event "3MCR_4D_2LA_1S"]
[Site "?"]
[Date "1999.??.??"]
[Round "1"]
[White "Hrdy, Roman"]
[Black "Rybak, Milan"]
[Result "1-0"]
[WhiteElo "2415"]
[BlackElo "2200"]
[PlyCount "119"]
[EventDate "1999.??.??"]
[EventType "corr"]

1. Nf3 Nf6 2. c4 e6 3. d4 d5 4. Nc3 c5 5. cxd5 Nxd5 6. e4 Nxc3 7. bxc3 cxd4 8.
cxd4 Bb4+ 9. Bd2 Bxd2+ 10. Qxd2 Nc6 11. Bb5 Bd7 12. O-O O-O 13. Rfc1 Rc8 14.
Rab1 Ne7 15. Rxc8 Bxc8 16. Qc3 b6 17. Ne5 Qd6 18. Rc1 Bb7 19. Qc7 Qxd4 20. Qxb7
Qxe5 21. Bf1 Ng6 22. Qxa7 Qb2 23. Rc6 b5 24. Rb6 Nf4 25. g3 Ne2+ 26. Kg2 Qc2
27. Rxb5 Nc3 28. Rb8 Qxe4+ 29. Kg1 Qc6 30. Rxf8+ Kxf8 31. Qb8+ Ke7 32. Qb4+ Kf6
33. Bg2 Qc7 34. a4 Qe5 35. Bf3 Ne2+ 36. Kg2 Qd4 37. Qxd4+ Nxd4 38. a5 Ke5 39.
a6 Nb5 40. Bc6 Na7 41. Be8 Kf6 42. Kf3 Ke7 43. Ba4 Kd6 44. Bc2 h6 45. Ke4 Nb5
46. Bd3 Na7 47. f4 Kc5 48. f5 exf5+ 49. Kxf5 Nc6 50. h4 Ne7+ 51. Ke4 Nc6 52.
Be2 Na7 53. Bh5 g6 54. Bd1 f6 55. Bc2 Kb6 56. Kf4 f5 57. Bxf5 gxf5 58. Kxf5 Nc6
59. h5 Kxa6 60. Kg6 1-0

[Event "3MCR_4D_2LA_1S"]
[Site "?"]
[Date "1999.??.??"]
[Round "1"]
[White "Kupsovsky, Vaclav"]
[Black "Smolka, Josef"]
[Result "1/2-1/2"]
[WhiteElo "2200"]
[BlackElo "2275"]
[PlyCount "80"]
[EventDate "1999.??.??"]
[EventType "corr"]

1. f4 Nf6 2. Nf3 g6 3. e3 Bg7 4. Be2 O-O 5. O-O d6 6. Nc3 c5 7. a4 Nc6 8. Rb1
d5 9. Ne5 Nb4 10. d3 Nd7 11. Nf3 d4 12. Ne4 Nd5 13. c4 Nxe3 14. Bxe3 dxe3 15.
Qc1 b6 16. Qxe3 Bb7 17. b4 cxb4 18. Rxb4 e5 19. fxe5 Nxe5 20. c5 Nc6 21. Rbb1
Nd4 22. Bd1 Ba6 23. Ne1 Nf5 24. Qd2 Re8 25. Rxf5 Rxe4 26. Rf1 Qd4+ 27. Kh1 bxc5
28. Qa5 Qc3 29. Qxa6 Rxe1 30. Bf3 Rae8 31. Be4 Rxb1 32. Rxb1 Qc2 33. Qb5 Re7
34. Rf1 Bd4 35. a5 Kg7 36. a6 Re6 37. Bb7 Rb6 38. Qxb6 axb6 39. a7 Qxd3 40. Re1
Qd2 1/2-1/2

[Event "3MCR_4D_2LA_1S"]
[Site "?"]
[Date "1999.??.??"]
[Round "1"]
[White "Humlicek, Vojtech"]
[Black "Lasek, Milos"]
[Result "1-0"]
[WhiteElo "2295"]
[BlackElo "1800"]
[PlyCount "87"]
[EventDate "1999.??.??"]
[EventType "corr"]

1. e4 e5 2. Nf3 Nc6 3. Bb5 a6 4. Ba4 Nf6 5. O-O Be7 6. Re1 b5 7. Bb3 d6 8. c3
O-O 9. h3 Bb7 10. d4 Re8 11. Nbd2 Bf8 12. a4 h6 13. d5 Nb8 14. c4 bxc4 15. Nxc4
c6 16. dxc6 Bxc6 17. Bc2 Qc7 18. Bd2 Nbd7 19. Na5 Nc5 20. b4 Ne6 21. Nxc6 Qxc6
22. Bd3 Qb7 23. Rc1 Rec8 24. Rxc8 Rxc8 25. Qe2 Ra8 26. Bc4 Nc7 27. Nh2 d5 28.
exd5 Ncxd5 29. Qxe5 Bxb4 30. Rb1 Re8 31. Qb2 a5 32. Nf3 Qc7 33. Rc1 Qb6 34.
Bxb4 Qxb4 35. Qxb4 axb4 36. a5 Ra8 37. a6 Nb6 38. Bf1 Nfd5 39. Rc5 Nc3 40. Nd4
Ra7 41. Rc6 Ncd5 42. Rd6 Rd7 43. Rxd7 Nc7 44. Rxc7 1-0

[Event "3MCR_4D_2LA_1S"]
[Site "?"]
[Date "1999.??.??"]
[Round "1"]
[White "Marek, Jan"]
[Black "Vaindl, Jaroslav"]
[Result "0-1"]
[WhiteElo "2085"]
[BlackElo "2270"]
[PlyCount "128"]
[EventDate "1999.??.??"]
[EventType "corr"]

1. e4 c5 2. Nf3 Nc6 3. d4 cxd4 4. Nxd4 Nf6 5. Nc3 e5 6. Ndb5 d6 7. Bg5 a6 8.
Na3 b5 9. Bxf6 gxf6 10. Nd5 Bg7 11. c3 f5 12. exf5 Bxf5 13. Nc2 Be6 14. Nce3
Ne7 15. a4 Nxd5 16. Nxd5 O-O 17. g3 f5 18. Bg2 bxa4 19. Rxa4 e4 20. O-O Qb8 21.
Rb4 Qa7 22. Nf4 Bf7 23. Qxd6 Rfd8 24. Qc6 Rdc8 25. Qa4 Be5 26. Nh3 Qc7 27. Ra1
a5 28. Rb5 Be8 29. Qb3+ Bf7 30. Qa3 a4 31. Ng5 Bc4 32. Rb4 Bf6 33. Nxe4 fxe4
34. Bxe4 Rab8 35. Qxa4 Rxb4 36. Qxb4 Rb8 37. Qxb8+ Qxb8 38. Ra8 Qxa8 39. Bxa8
Be7 40. Be4 h6 41. Kg2 Bb3 42. Kf1 Kf7 43. Ke2 Kf6 44. f4 Bd6 45. h3 h5 46. Ke3
Bc5+ 47. Kd2 Bd6 48. h4 Bc5 49. Ke2 Bc4+ 50. Kf3 Bb3 51. Bc6 Bd1+ 52. Kg2 Bb3
53. Be8 Bd5+ 54. Kf1 Bf3 55. b4 Be3 56. Ke1 Ke6 57. Bb5 Kf5 58. Be2 Kg4 59.
Bxf3+ Kxf3 60. f5 Bf2+ 61. Kd2 Bxg3 62. f6 Bd6 63. Kd3 Kf4 64. Kd4 Be5+ 0-1

[Event "3MCR_4D_2LA_1S"]
[Site "?"]
[Date "1999.??.??"]
[Round "1"]
[White "Marek, Jan"]
[Black "Humlicek, Vojtech"]
[Result "0-1"]
[WhiteElo "2085"]
[BlackElo "2295"]
[PlyCount "120"]
[EventDate "1999.??.??"]
[EventType "corr"]

1. e4 c5 2. Nf3 Nc6 3. d4 cxd4 4. Nxd4 Nf6 5. Nc3 e5 6. Ndb5 d6 7. Bg5 a6 8.
Na3 b5 9. Bxf6 gxf6 10. Nd5 f5 11. Bd3 Be6 12. O-O Bg7 13. Qh5 f4 14. c4 b4 15.
Nc2 Rb8 16. b3 O-O 17. Rfd1 Qd7 18. Be2 f5 19. f3 Bf7 20. Qh4 Bg6 21. exf5 Bxf5
22. Rac1 a5 23. Bd3 Rf7 24. Be4 Bxe4 25. fxe4 f3 26. Rd3 Rbf8 27. Rxf3 Rxf3 28.
gxf3 Rxf3 29. Kh1 Qd8 30. Qg4 Rf2 31. Rg1 Qf8 32. Nc7 Rf1 33. Ne6 Qf6 34. Ne3
Rxg1+ 35. Kxg1 Qg6 36. h3 Qxg4+ 37. hxg4 Bh6 38. Nf5 Kf7 39. Nc7 Bf8 40. Nb5
Ke6 41. Kf2 Kd7 42. Kf3 Nd8 43. g5 Ne6 44. Kg4 Be7 45. Kh5 Nc5 46. Ng3 a4 47.
bxa4 Nxa4 48. Nf5 Nc3 49. Nxe7 Kxe7 50. Kh6 Nxa2 51. Kxh7 Nc3 52. g6 Nxe4 53.
g7 b3 54. g8=N+ Ke6 55. Kg6 b2 56. Na3 Nd2 57. Nf6 Nxc4 58. Nb1 d5 59. Nh5 e4
60. Kg5 d4 0-1